Diseño de un sistema de información que incorpore la calidad de servicio en la toma de decisiones en un empresa de servicios analíticos
Αποθηκεύτηκε σε:
| Κύριος συγγραφέας: | |
|---|---|
| Άλλοι συγγραφείς: | |
| Μορφή: | Βιβλίο |
| Έκδοση: |
San José, C.R.
2001
|
| Θέματα: | |
| Ετικέτες: |
Προσθήκη ετικέτας
Δεν υπάρχουν, Καταχωρήστε ετικέτα πρώτοι!
|
MARC
| LEADER | 00000nam a2200000Ia 4500 | ||
|---|---|---|---|
| 003 | 008801 | ||
| 005 | 20221231144200.0 | ||
| 008 | 140114s2001 cr a m 000 ||s d | ||
| 040 | |c cru CEDI | ||
| 090 | |a TFG 4360 | ||
| 100 | |a González Castillo, Sylvia |9 7683 | ||
| 245 | |a Diseño de un sistema de información que incorpore la calidad de servicio en la toma de decisiones en un empresa de servicios analíticos | ||
| 260 | |c 2001 |a San José, C.R. | ||
| 300 | |a xiii, 201 hojas : ilustraciones | ||
| 500 | |a Proyecto de graduación (licenciatura en ingeniería industrial)--Universidad de Costa Rica. Facultad de Ingeniería. Escuela de Ingeniería Industrial | ||
| 650 | |x SISTEMAS DE INFORMACION EN ADMINISTRACION |x CALIDAD DEL SERVICIO |x TOMA DE DECISIONES |9 7687 | ||
| 700 | |9 7686 |a Zúñiga Villalobos, Kattia | ||
| 942 | |c TFG | ||
| 999 | |c 18078 |d 18078 | ||
